Aprendizaje escolar y construcción del conocimiento

Saved in:
Bibliografiske detaljer
Hovedforfatter: Coll Salvador, César (Author)
Format: Bog
Sprog:spansk
Udgivet: Buenos Aires Paidós 1996
Udgivelse:3a. ed
Serier:Paidós educador, 92
Fag:
Tags: Tilføj Tag
Ingen Tags, Vær først til at tagge denne postø!

MARC

LEADER 00000nam a2200000 a 4500
001 UCH6804
003 CL-VaPUC
008 091109e19960000AG |||||||||||||||||spa|d
020 |a 8475095933 
082 0 4 |a 370.15  |b COL  |2 21 
100 0 |a Coll Salvador, César  |e author  |9 543409 
245 1 0 |a Aprendizaje escolar y construcción del conocimiento 
250 |a 3a. ed 
300 |a 206 p 
942 |c BK 
945 |d 20091109 00:00:00  |a lazolas 
260 |a Buenos Aires  |b Paidós  |c 1996 
650 0 |a Psicología del aprendizaje  |9 306854 
650 0 |a Psicología del niño  |9 307305 
650 0 |a Planificación del currículo  |9 269599 
650 0 |a Calidad de la educación   |9 307271 
583 |a last modification  |c 20130107 12:48:00  |k Rodrigo Vera 
490 0 |a Paidós educador, 92 
999 |c 337628  |d 337626